Collins cobuild english giudes : 3. Articles /

Na minha lista:
Detalhes bibliográficos
Autor principal: Berry, Roger (Author)
Formato: Livro
Idioma:inglês
Publicado em: London : HarperCollins Publishers Ltd, 1993
Edição:1.ed.
Assuntos:
Tags: Adicionar Tag
Sem tags, seja o primeiro a adicionar uma tag!

MARC

LEADER 00000nam a22000003a 4500
001 stu7170
005 20150617225805.4
008 941207s1993----uk------------------eng-d
020 |a 0-00-370561-7 
040 |a STU  |b slo 
041 0 |a eng 
044 |a uk 
080 |a 802.0-2(038) 
100 1 |a Berry, Roger  |4 aut 
245 1 |a Collins cobuild english giudes :  |b 3. Articles /  |c [aut.] Berry,Roger 
250 |a 1.ed. 
260 |a London :  |b HarperCollins Publishers Ltd,  |c 1993 
300 |a 120 s 
650 7 |a angličtina  |2 stusub 
996 |b E79416  |c E*79416  |l EE18  |s P  |a 0  |w stu7170_0001 
996 |b E79415  |c E*79415  |l EE18  |s P  |a 0  |w stu7170_0002